[Event "Chrudim op"]
[Site "Chrudim"]
[Date "2004.07.09"]
[Round "5"]
[White "Kus, Miroslav"]
[Black "Kukacka, Ladislav"]
[Result "0-1"]
[WhiteElo "1250"]
[BlackElo "1485"]
[PlyCount "117"]
[EventDate "2004.07.06"]
[EventType "swiss"]
[EventRounds "9"]
[EventCountry "CZE"]
[SourceTitle "EXT 2006"]
[Source "ChessBase"]
[SourceDate "2005.11.24"]
[SourceVersion "1"]
[SourceVersionDate "2005.11.24"]
[SourceQuality "1"]

1. e4 e5 2. f4 exf4 3. Nf3 d6 4. d3 g5 5. Nc3 Bg7 6. Bd2 h6 7. Qe2 g4 8. Bxf4 gxf3 9. Qxf3 c6 10. Be2 Qf6 11. 0-0 h5 12. e5 dxe5 13. Ne4 Qxf4 14. Qxf4 exf4 15. Nd6+ Kd7 16. Nxf7 Rh7 17. Ng5 Bd4+ 18. Kh1 Re7 19. Rae1 Bf6 20. Ne4 Be5 21. Bxh5 Kc7 22. c3 Bf5 23. g4 Bxe4+ 24. dxe4 Nf6 25. Rg1 Nbd7 26. Bg6 f3 27. Ref1 Rh8 28. Rf2 Nc5 29. g5 Nd3 30. Rgf1 Nxf2+ 31. Rxf2 Ng8 32. Rxf3 Rxh2+ 33. Kg1 Rd7 34. Bf5 Rd1+ 35. Rf1 Rxf1+ 36. Kxf1 Rf2+ 37. Ke1 Rxf5 38. exf5 Bf4 39. g6 Nf6 40. Kf2 Kd6 41. Kf3 Ke5 42. g7 Kxf5 43. b3 Bh6 44. g8Q Nxg8 45. Ke2 Ke4 46. Kd1 b5 47. Kc2 c5 48. Kb2 Kd3 49. b4 c4 50. a3 Bd2 51. a4 Bxc3+ 52. Ka3 Bxb4+ 53. Kxb4 c3 54. Kb3 bxa4+ 55. Ka2 c2 56. Kb2 a3+ 57. Kc1 a2 58. Kb2 c1Q+ 59. Kxc1 0-1

[Event "Chrudim op"]
[Site "Chrudim"]
[Date "2004.07.07"]
[Round "2"]
[White "Pokora, Lubomir"]
[Black "Kus, Miroslav"]
[Result "1-0"]
[WhiteElo "1889"]
[BlackElo "1250"]
[PlyCount "55"]
[EventDate "2004.07.06"]
[EventType "swiss"]
[EventRounds "9"]
[EventCountry "CZE"]
[SourceTitle "EXT 2006"]
[Source "ChessBase"]
[SourceDate "2005.11.24"]
[SourceVersion "1"]
[SourceVersionDate "2005.11.24"]
[SourceQuality "1"]

1. e4 e5 2. Nf3 Nc6 3. Bb5 Nf6 4. Nc3 Bc5 5. 0-0 a6 6. Ba4 Nd4 7. h3 b5 8. Bb3 Nxb3 9. axb3 d6 10. Re1 Bb7 11. d3 Bb4 12. Be3 d5 13. exd5 Nxd5 14. Bd2 Nxc3 15. Rxe5+ Be7 16. bxc3 Qd6 17. d4 0-0 18. Qe2 Bf6 19. Re3 Bxf3 20. Qxf3 Bg5 21. Re2 Bxd2 22. Rxd2 Rfe8 23. Re2 h6 24. Rae1 Kf8 25. b4 Qd7 26. Kf1 a5 27. bxa5 Rxa5 28. Rxe8+ 1-0